Minoriteter i Norge etter flagg - Statistics

General Stats
  • This quiz has been taken 125 times
  • The average score is 18 of 32
Answer Stats
Picture Hint Answer % Correct
Ca. 3,9 million med to norskfødte foreldre Etniske nordmenn
97%
40-60.000 (urfolk og nasjonal minoritet) Samer
92%
35.000 innvandrere Svensker
87%
770 (nasjonal minoritet) Jøder
81%
25.000 innvandrere Tyskere
79%
19.000 innvandrere Dansker
73%
18.000 innvandrere Russere
68%
13.000 innvandrere Tyrkere
68%
9.500 innvandrere Amerikanere
67%
14.000 innvandrere Indere
63%
9.500 innvandrere Kinesere
63%
21.000 innvandrere Pakistanere
62%
15.000 innvandrere Briter
60%
18.000 innvandrere Iranere
59%
100.000 innvandrere Polakker
59%
<1000 + Ca. 10.000 (to nasjonale minoriteter) Rom + Romanifolk/Tatere
59%
23.000 innvandrere Irakere
54%
30.000 innvandrere Somaliere
54%
32.000 innvandrere Syrere
52%
17.000 innvandrere Afghanere
44%
11.000 innvandrere Latviere
44%
14.000 innvandrere Vietnamesere
44%
10-15.000 (nasjonal minoritet) Kvener
43%
14.000 innvandrere Bosniere
41%
23.000 innvandrere Filippinere
41%
40.000 innvandrere Litauere
40%
9.200 innvandrere Sri Lankere
38%
15.000 innvandrere Rumenere
37%
23.000 innvandrere Eritreere
29%
10.500 innvandrere Kosovo-albanere
29%
<1000 (nasjonal minoritet) Skogfinner (uoffisielt flagg)
24%
21.000 innvandrere Thaier
22%
No matching quizzes found
Score Distribution
Percent of People with Each Score
Percentile by Number Answered
Your Score History
You have not taken this quiz